| 000 | 00479nam a22001817a 4500 | ||
|---|---|---|---|
| 005 | 20251108163336.0 | ||
| 008 | 250721s1987 xx 000 0 ara d | ||
| 082 | 1 | 4 | _a133.4/ولس |
| 100 | 1 | _aولسن، كولن | |
| 245 | 1 | 0 | _aالإنسان و قواه الخفية / |
| 250 | _aط5. | ||
| 264 | 1 |
_aبيروت : _bدار الآداب، _c1987. |
|
| 300 | _a431 ص | ||
| 650 | 1 | 7 | _aالسحر |
| 700 | 1 |
_aخشبه، سامي _eترجمة |
|
| 942 |
_2ddc _cBK |
||
| 999 |
_c260 _d260 |
||